00373nam a2200145Ia 4500003000400000008004100004040001600045082001500061100001800076245005700094260003100151300001000182650001400192650002100206GCL140319s9999 xx 000 0 eng d aGCL / cGCL04a398.2bS A1 aSUZANNE, SAID10aAPPROCHES DE LA MYTHOLOGIE GRECQUE / cSUZANNE, SAID a[S.N] : bNATHAN ، c1993 a128 P04aMYTHOLOGY04aGREECE MYTHOLOGY